00580 2200229 4500001002100000005001700021008004100038035002600079245001700105100001700122250000600139260004900145300003300194020001800227082000800245084000800253650002300261990001500284990001500299990001800314990001800332INLIS00000000000007520191229184740.0191229| ||| | ind  a 0010-12190000000007500cLaurence J.B0 aLaurence J.B a1 aYogyakarta : ThinkbYogyakarta : Thinkc2009 a259hlm.;20cm ;c259hlm.;20cm a979-963-825-90 a600 a658 0aManajemen Umum 658 aB201218305 aB201218307 aB201504161109 aB201506253224